|
|
|
|
| LEADER |
01278nam a2200361 a 4500 |
| 001 |
000649058 |
| 003 |
CZ BrMZK |
| 005 |
20060330144058.0 |
| 007 |
ta |
| 008 |
030128s2002 xr f cze d |
| 015 |
|
|
|a cnb001184165
|
| 020 |
|
|
|a 80-902654-6-4
|q (brož.)
|
| 035 |
|
|
|a (OCoLC)53260583
|
| 040 |
|
|
|a BOA001
|b cze
|
| 043 |
|
|
|a e-xr---
|
| 080 |
|
|
|a 7.025.3/.4
|2 MRF
|
| 080 |
|
|
|a (437.3)
|2 MRF
|
| 080 |
|
|
|a (036)
|2 MRF
|
| 080 |
|
|
|a 061.237:332.2
|2 MRF
|
| 080 |
|
|
|a 502.17
|2 MRF
|
| 100 |
1 |
|
|a Ptáček, Ladislav
|7 xx0018179
|4 aut
|
| 245 |
1 |
0 |
|a Pozemkové spolky :
|b jak může vlastník, úředník a ochranář najít společnou řeč? /
|c [Ladislav Ptáček, Jan Moravec]
|
| 260 |
|
|
|a Praha :
|b Ústřední výkonná rada ČSOP,
|c 2002
|
| 300 |
|
|
|a 23 s. :
|b il., mapa ;
|c 21 cm
|
| 500 |
|
|
|a Název a podnázev z obálky
|
| 650 |
0 |
7 |
|a ochrana přírody
|7 ph115552
|z Česko
|2 czenas
|
| 650 |
0 |
7 |
|a ochrana památek
|7 ph135825
|z Česko
|2 czenas
|
| 650 |
0 |
7 |
|a pozemkové spolky
|7 ph124465
|z Česko
|2 czenas
|
| 655 |
|
7 |
|a informační publikace
|7 fd132454
|2 czenas
|
| 700 |
1 |
|
|a Moravec, Jan,
|d 1963-
|7 skuk0000917
|4 aut
|
| 910 |
|
|
|a BOA001
|b 2-1113.013
|
| 990 |
|
|
|a BK
|
| 996 |
6 |
|
|b 2610180212
|c 2-1113.013
|l MZK
|r Sklad / do 1 hodiny
|n 2
|p p.v.
|w 000649058
|u 000010
|a 1
|e BOA001
|j MZK50
|s P
|